Zmena podnikovej kultúry začína jej diagnostikou

Salvato in:
Dettagli Bibliografici
Autore principale: Rakušan, Karel
Altri autori: Antošová, Mária, 1965-
Natura: Capitolo di libro
Lingua:slovacco
Tags: Aggiungi Tag
Nessun Tag, puoi essere il primo ad aggiungerne!!

MARC

LEADER 00000naa$a2200000$$$4500
001 0312100
005 20250908091352.7
041 0 |a slo 
044 |a SK 
245 1 0 |a Zmena podnikovej kultúry začína jej diagnostikou  |c Karel Rakušan, Mária Antošová 
100 1 |a Rakušan, Karel 
700 1 |a Antošová, Mária, 1965-